000 00733nam a2200217 a 4500
001 000038152
003 DO-SdBNP
005 20210525151932.0
008 130319s1994 dr a r 000 0 spa d
040 _aDO-SdBNP
_bspa
_cBNPHU
082 4 _axxxxx
_bS587n
_222
100 1 _aSilvestre, Emmanuel
_964512
245 1 3 _aLa neo-prostitución infantil en República Dominicana /
_cEmmanuel Silvestre, Jaime Rijo, Humberto Bogaert.
260 _aSanto Domingo :
_bFondo de las Naciones Unidas para la Infancia (UNICEF),
_c1994.
300 _a116 p. :
_bils. ;
_c25 cm.
504 _aBibliografía : p. 116
590 _aInventariado, 2020/BT
700 1 _aRijo, Jaime
_964513
700 1 _aBogaert, Humberto
_964514
942 _2ddc
_cLBS1
999 _c37642
_d37642